Filipino Brands Logo Quiz #2 - Statistics

General Stats
  • This quiz has been taken 218 times
  • The average score is 20 of 46
Answer Stats
Picture Answer % Correct
GCash
93%
PH Airlines
88%
Cebu Pacific
87%
Mercury Drug
87%
Shopee
87%
Lazada
84%
Foodpanda
82%
Metrobank
78%
BDO
74%
BPI
74%
Magnolia
71%
Unionbank
67%
Max's Restaurant
65%
Puregold
60%
National Bookstore
58%
Bench
54%
Angkas
53%
Robinsons Supermarket
49%
Star Cinema
49%
San Miguel Corporation
46%
I Want TFC
44%
ABS-CBN News
39%
One Sports
38%
Maya (Bank)
35%
Manila Water
29%
Sunsilk
26%
Cream Silk
24%
One Sports Plus
24%
Hanabishi
23%
Radio PH Network
23%
Universal Robina
23%
Bank Of Commerce
22%
One News
22%
ABS-CBN Sports Plus Action
21%
The Filipino Channel
20%
Selecta Milk
19%
Condura
17%
True FM
16%
Ayala Corporation
15%
DXCC 828 Cagayan De Oro
14%
Intercontinental Broadcasting Corporation
14%
Viva Cinema
14%
MOR Entertainment
11%
101.1 Yes FM
8%
DWPM Radyo 630
8%
DYHB 747 Bacolod
8%
No matching quizzes found
Score Distribution
Percent of People with Each Score
Percentile by Number Answered
Your Score History
You have not taken this quiz